JR East Utsunomiya Line - Stations - Statistics

General Stats
  • This quiz has been taken 52 times
  • The average score is 20 of 24
Answer Stats
Hint Station(s) % Correct
JU07 Omiya
100%
JU01 Tokyo
100%
JU02 Ueno
100%
Utsunomiya
100%
JU04 Akabane
98%
JU06 Saitama Shintoshin
95%
JU05 Urawa
95%
JU03 Oku
90%
Oyama
88%
Koga
85%
Kuki
85%
Hasuda
83%
Higashi Omiya
83%
Koganei
78%
Shiraoka
78%
Shin Shiraoka
76%
Toro
76%
Jichiidai
73%
Kurihashi
73%
Mamada
71%
Higashi Washinomiya
68%
Suzumenomiya
68%
Ishibashi
63%
Nogi
63%
No matching quizzes found
Score Distribution
Percent of People with Each Score
Percentile by Number Answered
Your Score History
You have not taken this quiz